The Rubaiyat of Omar Khayyam : (Record no. 533915)

000 -LEADER
fixed length control field 00936cam a2200289 a 4500
001 - CONTROL NUMBER
control field 16226075
003 - CONTROL NUMBER IDENTIFIER
control field Nust
005 - DATE AND TIME OF LATEST TRANSACTION
control field 20200124103841.0
008 - FIXED-LENGTH DATA ELEMENTS--GENERAL INFORMATION
fixed length control field 100511r19291868nyua 000 0 eng
010 ## - LIBRARY OF CONGRESS CONTROL NUMBER
LC control number 2010398912
020 ## - INTERNATIONAL STANDARD BOOK NUMBER
International Standard Book Number 9781864760798
038 ## - RECORD CONTENT LICENSOR
Staff Name MSOHAIL
040 ## - CATALOGING SOURCE
Original cataloging agency DLC
Transcribing agency DLC
041 1# - LANGUAGE CODE
Language code of text/sound track or separate title eng
Language code of original per
042 ## - AUTHENTICATION CODE
Authentication code pcc
050 00 - LIBRARY OF CONGRESS CALL NUMBER
Classification number PK6513
Item number .A1 1929b
082 ## - DEWEY DECIMAL CLASSIFICATION NUMBER
Classification number 891.551
Author Mark PEN
245 10 - TITLE STATEMENT
Title The Rubaiyat of Omar Khayyam :
Remainder of title the astronomer-poet of Persia /
Statement of responsibility, etc. rendered into English verse ; illustrations in color by Andrew Peno
260 ## - PUBLICATION, DISTRIBUTION, ETC.
Place of publication, distribution, etc. New York :
Name of publisher, distributor, etc. Wiiley Book Co.
Date of publication, distribution, etc. 1996.
300 ## - PHYSICAL DESCRIPTION
Extent 76 p. :
Other physical details ill. ;
Dimensions 18 cm.
500 ## - GENERAL NOTE
General note Text of E. FitzGerald's 5th version.
700 1# - ADDED ENTRY--PERSONAL NAME
Personal name Henkel, August,
Dates associated with a name 1880-
9 (RLIN) 27967
700 1# - ADDED ENTRY--PERSONAL NAME
Personal name FitzGerald, Edward,
Dates associated with a name 1809-1883.
9 (RLIN) 27968
906 ## - LOCAL DATA ELEMENT F, LDF (RLIN)
a 7
b cbc
c orignew
d 2
e ncip
f 20
g y-gencatlg
942 ## - ADDED ENTRY ELEMENTS (KOHA)
Source of classification or shelving scheme
Koha item type Book
Holdings
Withdrawn status Lost status Source of classification or shelving scheme Damaged status Not for loan Permanent Location Current Location Date acquired Total Checkouts Full call number Barcode Date last seen Price effective from Koha item type
          School of Civil and Environmental Engineering (SCEE) School of Civil and Environmental Engineering (SCEE) 01/24/2020   891.551 PEN NIT-9445 01/24/2020 01/24/2020 Book
© 2023 Central Library, National University of Sciences and Technology. All Rights Reserved.